00927 2200349 4500001002100000005001500021035002000036007000300056040001700059100002800076245004700104250001000151300003600161020002200197041000800219082001000227084001600237090002500253264003500278336002100313337003000334338002300364650002000387850001000407008004100417990002100458990002100479990002100500990002200521990001700543990001700560INLIS00000000000936320260421024018 a0010-1122000322ta aSBPUPADbind0 aF. Suryatmo;ePengarang1 aDasar-Dasar Teknik Listrik /cF. Suryatmo; aCet.5 ax, 288 hlm. :bilus. ;c20,5 cm a978-979-518-234-40 aind a621.3 a621.3 SUR d a621.3 SUR d L 19 R 5 aJakarta :bRineka Cipta,c2014 2rdacontentateks 2rdamediaatanpa perantara 2rdacarrieravolume 4aTeknik Listrik/ aPUPAD260421 0  a21954/BR/KAPD/15 a21955/BR/KAPD/15 a21957/BR/KAPD/15 a1162/BR/KAPD/2011 a1168/BR/KAPD a1161/BR/KAPD